Click the Bring Me the Horizon Song Title Ending - Statistics

General Stats
  • This quiz has been taken 249 times
  • The average score is 20 of 23
Answer Stats
Hint Answer % Correct
Can You Feel My Heart
96%
The Sadness Will Never End
95%
sugar honey ice & Tea
95%
Go To Hell, for Heaven's Sake
94%
Dear Diary,
93%
What You Need
93%
i apologise if you feel Something
93%
Parasite Eve
92%
And the Snakes Start to Sing
92%
Seen it All Before
90%
Diamonds Aren't Forever
90%
Crucify Me
90%
Happy Song
90%
Shadow Moses
89%
True Friends
88%
Blessed With a Curse
87%
mother Tongue
86%
The House of Wolves
86%
Hospital for Souls
85%
Alligator Blood
79%
Chelsea Smile
79%
nihilist Blues
78%
Pray for Plagues
68%
No matching quizzes found
Score Distribution
Percent of People with Each Score
Percentile by Number Answered
Your Score History
You have not taken this quiz